Systems analysis design / (Record no. 1211)

MARC details
000 -LEADER
fixed length control field 00809nam a2200253 ar4500
001 - CONTROL NUMBER
control field 1212
005 - DATE AND TIME OF LATEST TRANSACTION
control field 20221127090150.0
008 - FIXED-LENGTH DATA ELEMENTS--GENERAL INFORMATION
fixed length control field 090321s xxu a || 00110|eng d
020 ## - INTERNATIONAL STANDARD BOOK NUMBER
International Standard Book Number 9780471722571(hpb) :
Terms of availability SR280.00
082 04 - DEWEY DECIMAL CLASSIFICATION NUMBER
Classification number 004.21
Item number D423 2006
100 1# - MAIN ENTRY--PERSONAL NAME
Personal name Dennis, Alan.
245 10 - TITLE STATEMENT
Title Systems analysis design /
Statement of responsibility, etc. A. Dennis, Barbara Wixom, Roberta M. Roth.
246 1# - VARYING FORM OF TITLE
Title proper/short title Systems analysis & design.
250 ## - EDITION STATEMENT
Edition statement 3rd ed.
260 ## - PUBLICATION, DISTRIBUTION, ETC.
Place of publication, distribution, etc. Hoboken, NJ :
Name of publisher, distributor, etc. John Wiley,
Date of publication, distribution, etc. 2006.
300 ## - PHYSICAL DESCRIPTION
Extent xx, 555 p. :
Other physical details ill.(some col.) ;
Dimensions 26 cm.
500 ## - GENERAL NOTE
General note Includes index.
500 ## - GENERAL NOTE
General note Cover title : Systems analysis & design.
650 #4 - SUBJECT ADDED ENTRY--TOPICAL TERM
Topical term or geographic name entry element System analysis.
650 #4 - SUBJECT ADDED ENTRY--TOPICAL TERM
Topical term or geographic name entry element System design.
650 #4 - SUBJECT ADDED ENTRY--TOPICAL TERM
Topical term or geographic name entry element Information technology.
700 0# - ADDED ENTRY--PERSONAL NAME
Personal name Wixom, Barbara Haley,
Relator term jt. auth.
700 0# - ADDED ENTRY--PERSONAL NAME
Personal name Roth, Roberta M.,
Relator term jt. auth.
Holdings
Withdrawn status Lost status Source of classification or shelving scheme Damaged status Not for loan Home library Current library Date acquired Total Checkouts Full call number Barcode Date last seen Copy number Price effective from Koha item type
          CENTRAL CENTRAL 11/27/2022   004.21 D423 2006 1000000001008 11/27/2022 C1 11/27/2022 Book
          CENTRAL CENTRAL 11/27/2022   004.21 D423 2006 1000000001009 11/27/2022 C2 11/27/2022 Book